000 01029nam a2200229 i 4500
001 158585
003 ES-MaACL
005 20250627063652.0
008 990310s1852 sp |||| | spa d
080 _a908
100 1 _aMalo de Molina, Manuel,
_d1819?-1863
_9167431
245 1 0 _aViaje a la Argelia :
_bdescripción geográfica y estadística del África francesa, del desierto y de los árabes, con sus usos, costumbres, religión y literatura /
_cpor Manuel Malo de Molina.
260 _aValencia :
_b[s.n.],
_c1852 (
_fImp. de José Ferrer de Orga)
300 _a288, [4] p. ;
_c19 cm.
530 _aDisponible en formato digital.
597 _aAntep.
651 4 _aArgelia-
_xDescripción.
_97800
651 4 _aArgelia-
_xHistoria.
_97801
852 4 _aES-MaACL
_jT-4-F-1
_z- Enc. hol., falto de cub. original
_z- Enc. en un vol. facticio
_z- Dedicatoria autógrafa del autor
856 _uhttp://bdh-rd.bne.es/viewer.vm?id=0000088035&page=1
_zBiblioteca Digital Hispánica
999 _c158585
_d158585